| 000 | 00497nmm a2200145Ia 4500 | ||
|---|---|---|---|
| 008 | 251105s9999||||xx |||||||||||||||||und|| | ||
| 041 | _aspa | ||
| 100 | _aVV. AA. | ||
| 245 | 0 | _aLos judeoconversos en la economía de la Península Ibérica: siglos XV-XVII | |
| 264 |
_a[Madrid, España] : _bMinisterio de Economía y Competitividad de España, _c2020 |
||
| 300 | _a157 páginas | ||
| 650 | _aHistory of Europe: Spain | ||
| 856 | _uhttps://public.digitaliapublishing.com/a/118726 | ||
| 942 | _cCF | ||
| 999 |
_c106706 _d106706 |
||